| 000 | 00465nam a2200181Ia 4500 | ||
|---|---|---|---|
| 001 | 11026 | ||
| 005 | 20260306161915.0 | ||
| 008 | 260306t2018||||xx |||||||||||||| ||spa|| | ||
| 041 | _aESP | ||
| 082 |
_a985.001 _bB96 T. 1 |
||
| 100 |
_aBustamante y Rivero, José Luis _eAUT |
||
| 245 | 0 | _aObras completas de José Luis Bustamante y Rivero | |
| 260 | _c2018 | ||
| 300 |
_a889 páginas : _c24 cm. |
||
| 650 | _aGEN | ||
| 654 | _aCHU | ||
| 942 |
_cLIB _dJUS _fJUS _2ddc _n |
||
| 999 |
_c11026 _d11026 |
||